BSOP header

Philippine mass media : (Record no. 6806)

MARC details
000 -LEADER
fixed length control field 00566nam a2200193 4500
008 - FIXED-LENGTH DATA ELEMENTS--GENERAL INFORMATION
fixed length control field 020530s1986 us eng
020 ## - INTERNATIONAL STANDARD BOOK NUMBER
International Standard Book Number 9711550970
245 10 - TITLE STATEMENT
Title Philippine mass media :
Remainder of title a book of readings /
Statement of responsibility, etc edited by Clodualdo del Mundo, Jr. and Jose Mari Magpayo.
260 ## - PUBLICATION, DISTRIBUTION, ETC. (IMPRINT)
Place of publication, distribution, etc Manila :
Name of publisher, distributor, etc CFA,
Date of publication, distribution, etc c1986.
300 ## - PHYSICAL DESCRIPTION
Extent 286 p.;
Dimensions 23cm.
336 ## - CONTENT TYPE
Content Type Term text
337 ## - MEDIA TYPE
Media Type Term unmediated
338 ## - CARRIER TYPE
Carrier Type Term volume
650 #4 - SUBJECT ADDED ENTRY--TOPICAL TERM
Topical term or geographic name as entry element Mass media.
651 #4 - SUBJECT ADDED ENTRY--GEOGRAPHIC NAME
Geographic name Mass medai
Geographic subdivision Philippines.
700 1# - ADDED ENTRY--PERSONAL NAME
Personal name Del Mundo, Clodualdo,
Dates associated with a name Jr.
700 1# - ADDED ENTRY--PERSONAL NAME
Personal name Magpayo, Jose Mari
942 ## - ADDED ENTRY ELEMENTS (KOHA)
Source of classification or shelving scheme Library of Congress Classification
Item type Books
Holdings
Withdrawn status Lost status Source of classification or shelving scheme Damaged status Not for loan Home library Current library Shelving location Date acquired Inventory number Shelving control number Total Checkouts Full call number Barcode Date last seen Price effective from Koha item type
    Library of Congress Classification     BSOP Library BSOP Library Filipiniana 12/21/2000 11526 127   P92.P5 P53 00016614 02/23/2013 02/23/2013 Books
BSOP

Biblical Seminary of the Philippines
  All rights Reserved
  © 2024

CONTACT INFORMATION

Biblical Seminary of the Philippines,
  77-B Karuhatan Road, Valenzuela City,
  PHILIPPINES 1441
  Phone: +632 8292-6795 / 8292-6798
  Fax : +632 8292-6675
  Email: library@bsop.edu.ph